000 00565nam a2200217Ia 4500
003 LK-CoDNM
005 20240307122245.0
008 010623t1935 xxu||||| |||| 00| 1 sin d
040 _aLK-CoDNM
_dLK-CoDNM
_eLK-CoDNM
041 _asin
080 _a104 AA5
100 _aSeneviratna,D.M
245 _aස්වදේශාලය
246 _aSwadeshaalaya
260 _bPaanaduraa press
_aPanadura
_c1935,March
300 _bDamaged
_a12p.,27 cm
650 _aComady
650 _aFreedom
650 _aSixty four special character in woemn
942 _cBK
999 _c97967
_d97967